LAFC current squad - Statistics

General Stats
  • This quiz has been taken 37 times
  • The average score is 7 of 25
Answer Stats
Number Player % Correct
10 Carlos Vela
96%
7 Latif Blessing
54%
16 Maxime Crépeau
50%
4 Eddie Segura
46%
24 Ryan Hollingshead
46%
3 Jesus Murillo
42%
6 Ilie Sanchez
38%
9 Cristian Arango
33%
12 Diego Palacios
33%
11 Jose Cifuentes
33%
8 Francisco Ginella
29%
77 John McCarthy
29%
23 Kellyn Acosta
29%
2 Franco Escobar
25%
22 Kwadwo Opoku
25%
17 Brian Rodriguez
17%
25 Sebastian Ibeagha
17%
30 Tomas Romero
17%
26 Cal Jennings
13%
5 Mamadou Fall
13%
21 Christian Torres
8%
19 Ismael Tajouri-Shradi
8%
28 Tony Leone
8%
29 Danny Musovski
4%
44 Doneil Henry
4%
No matching quizzes found
Score Distribution
Percent of People with Each Score
Percentile by Number Answered
Your Score History
You have not taken this quiz